Nationnalités de pilotes de F1 - Statistiques

Statistiques générales
  • Ce quiz a été pris 133 fois
  • Le résultat moyen est 29 sur 41
Statistiques - réponses
Nombre Pays % Correct
75 France
99%
163 Royaume-Uni
99%
55 Allemagne
97%
16 Espagne
97%
58 USA
96%
106 Italie
94%
22 Japon
94%
33 Brésil
92%
27 Argentine
91%
1 Chine
91%
16 Canada
90%
6 Portugal
90%
20 Australie
89%
7 Mexique
89%
19 Pays-Bas
89%
6 Russie
89%
10 Finlande
85%
26 Belgique
82%
31 Suisse
80%
6 Monaco
79%
12 Suède
79%
11 Nouvelle Zélande
76%
17 Autriche
75%
1 Pologne
74%
6 Irlande
72%
6 Danemark
71%
3 Thaïlande
68%
3 Inde
67%
4 Colombie
66%
25 Afrique du Sud
65%
1 Chili
65%
1 Maroc
57%
1 Hongrie
56%
1 République tchèque
49%
4 Venezuela
47%
5 Uruguay
45%
1 Indonésie
43%
1 Malaisie
28%
1 Liechtenstein
21%
5 Allemagne de l'est
8%
7 Rhodésie (Zimbabwe)
5%
Aucun quiz correspondant
Distribution des résultats
% des personnes avec chaque résultat
Percentile par nombre de réponses
Votre historique - résultats
Vous n’avez pas pris ce quiz